3D modely v geografických informačných systémoch I.

Podrobná bibliografia
Médium: Článok
Jazyk:slovenčina
Fyzický popis:Obr.
ISSN:1335-1230
Predmet:

MARC

LEADER 00000nab a2200000 a 4500
001 vtls009300149
003 SK-MaSNL
005 20260303051814.0
008 140328c2008 xo zr|p|||||||000 b|slo
015 |a SNBRB2008/05  |2 snkbucl 
038 |a SNKBUCL 
040 |a SNKBUCL  |b slo  |c SNKBUCL  |e AACR2 
041 0 |a slo  |b eng 
044 |a xo  |c SK 
080 |a 004.9:91  |2 2001 
080 |a 72:711:004.9:91  |2 2001 
245 0 0 |a 3D modely v geografických informačných systémoch  |n I. 
300 |b Obr. 
546 |a Res. angl. 
650 0 7 |a geografické informačné systémy  |2 snkbucl  |9 1861 
650 0 7 |a 3D modely  |2 snkbucl  |9 404878 
773 0 |t ASB  |g Roč. XV, č. 5 (2008), s. 124-125  |x 1335-1230 
852 |a SNK  |b KIS3GCP 
999 |c 1712840  |d 1714770